| 000 | 00886nam a2200241 a 4500 | ||
|---|---|---|---|
| 001 | 000021847 | ||
| 005 | 20250701104719.0 | ||
| 008 | 100913s1971 mx a r 000 0 spa d | ||
| 040 |
_aDO-SdBNP _bspa _cBNPHU |
||
| 082 |
_a362.1 _bB915m |
||
| 100 | 1 |
_aBryant, John _d1925- _945363 |
|
| 245 | 1 | 0 |
_aMejoramiento mundial de la salud pública / : _bJohn Bryant ; traducción José Meza Nieto. |
| 260 |
_aMéxico, D. F. : _bCentro Regional de Ayuda Técnica : _bAgencia para el Desarrollo Internacional (AID), _c1971. |
||
| 300 |
_axxvi, 373 p. : _bil. ; _c23 cm. |
||
| 500 | _aIncluye índice de figuras. | ||
| 500 | _aIncluye índice de tablas. | ||
| 500 | _aIncluye índice alfabético. | ||
| 534 | _kHealth and the developing world | ||
| 650 | 0 |
_aSalud pública _956565 |
|
| 650 | 4 |
_aSalud pública _xEstadísticas _945364 |
|
| 700 | 1 |
_aMeza Nieto, José, _etr. _945365 |
|
| 049 | _aBNGR | ||
| 999 |
_c21345 _d21345 |
||